00626nam a22002297a 4500003000500000005001700005008004100022010001000063011001000073035001000083040000900093082001400102100002500116245004100141260003800182300002000220490004700240650001400287650002100301700002700322830004700349CHAP20220329134154.0971013s1974 r 00010 d a16510 a17482 a21565 cCHAP a339.2bH600aHorwich, Georgeeed. aTrade, stability, and macroeconomics aNew York :bAcademic Press,c1974 a558 p.b: ilus. aEconomic theory and mathematical economics14aComercio.14aMacroeconomía.0 aMetzler, Lloyd A.eed.0 aEconomic theory and mathematical economics